000 00734nam a2200289Ia 4500
005 20260324140041.0
008 008 260324s9999 xx 000 0 eng d
020 _a9780203161760
037 _aEBOOK
040 _aCRL
040 _beng
040 _cCRL
041 _2eng
041 _aeng
084 _qCRL
100 _aHolly Anderson; Morag Styles
_91202944
245 0 _aTeaching Through Texts
245 0 _bPromoting Literacy Through Popular and Literary Texts in the Primary Classroom
260 _bTaylor and Francis
260 _c1999
365 _a
365 _b325
856 _uhttp://www.taylorfrancis.com/books/9780203161760
942 _cEBOOK
999 _c1804590
_d1804590